| 000 | 00919nas a2200289 4500 | ||
|---|---|---|---|
| 001 | BR2013004988 | ||
| 003 | BR-BrBNA | ||
| 005 | 20231205122532.0 | ||
| 007 | ta | ||
| 008 | 230509b bl.|||p| |||| 00| 00por d | ||
| 040 |
_aBR-BrBNA _bpor _cBiblioteca Nacional de Agricultura |
||
| 041 | _a(Pt) | ||
| 072 | _aP33; F50 | ||
| 100 | 1 | _aCorrêa, R.S. | |
| 100 | 1 | _aBellote, A.F.J. | |
| 245 | 1 | _aInfluência do solo na dimensão dos traquídeos e densidade da madeira de Pinus caribaea var. hondurensis | |
| 650 | _aFERTILIDADE DO SOLO | ||
| 650 | _aPROPRIEDADE FÍSICO-QUÍMICA | ||
| 650 | _aPINUS CARIBAEA | ||
| 650 | _aPINHEIRO | ||
| 650 | _aSILVICULTURA | ||
| 650 | _aMADEIRA | ||
| 650 | _aANATOMIA VEGETAL | ||
| 773 | 0 |
_tPesquisa Florestal Brasileira (Brazil) _xISSN 1809-3647 _g(Jan-Dec 2011), v. 31(65-68) p. 93-102 _wBR2013004988 |
|
| 909 |
_a202311 _bLúcia _c55 _dLúcia Elande |
||
| 942 |
_2AGRIS _n0 _cANA |
||
| 999 |
_c229155 _d229155 |
||